000 00502nam a2200181Ia 4500
005 20250326124648.0
008 250326s9999 xx 000 0 und d
037 _aTextbook
040 _aFMSL
_beng
_cFMSL
041 _aeng
_2eng
084 _aX:8:f L5
_qFMSL
100 _aWhite P A F
245 0 _aEffective management of research and development
_cWhite P A F
260 _aLondon
_bLondon, Macmillon
_c1975
300 _a294p
942 _cTB
_hX:8:f L5
999 _c1274630
_d1274630